A city set on a hill : essays in honor of James F. Strange /
Other Authors: , ,
Format: Book
Language: English
Published:
Mountain Home, Arkansas :
Border Stone Press,
2014.
Edition: First Edition.
Subjects:
Tags: Add Tag
Call Number: DS111 .C58 2014
| LEADER | 00998namaa2200289 4500 | ||
|---|---|---|---|
| 003 | OSt | ||
| 005 | 20260505114829.0 | ||
| 008 | 130303t20142014aruabe 000 0 eng d | ||
| 020 | |a 9781936670420 | ||
| 040 | |c ARCE Library | ||
| 043 | |a a-is--- | ||
| 050 | 4 | |a DS111 .C58 2014 | |
| 245 | 0 | 2 | |a A city set on a hill : |b essays in honor of James F. Strange / |c edited by Daniel A. Warner and Donald D. Binder. |
| 250 | |a First Edition. | ||
| 264 | 1 | |a Mountain Home, Arkansas : |b Border Stone Press, |c 2014. | |
| 264 | 4 | |c ©2014. | |
| 300 | |a xxiv, 346 pages : |b illustrations, maps, plans ; |c 23 cm. | ||
| 500 | |a Cover has superscript "A legacy of archaeology in the land of Israel" "James F. Strange-Publications" pages x-xxii. | ||
| 600 | 1 | 0 | |a Strange, James F. |
| 650 | 0 | |a Archaeology |z Israel. | |
| 650 | 0 | |a Excavations (Archaeology) |z Israel. | |
| 700 | 1 | |a Warner, Daniel A. | |
| 700 | 1 | |a Binder, Donald D. | |
| 700 | 1 | |a Strange, James F. | |
| 901 | |a reviewed | ||
| 942 | |c BK |2 lcc | ||
| 999 | |c 6725 |d 6725 | ||
